<?xml version="1.0" encoding="UTF-8"?>
<record
    xmlns:xsi="http://www.w3.org/2001/XMLSchema-instance"
    xsi:schemaLocation="http://www.loc.gov/MARC21/slim http://www.loc.gov/standards/marcxml/schema/MARC21slim.xsd"
    xmlns="http://www.loc.gov/MARC21/slim">

  <leader>01095naa a22003491a 4500</leader>
  <controlfield tag="003">CO-BoRNBP</controlfield>
  <controlfield tag="005">20241106114400.0</controlfield>
  <controlfield tag="007">ta</controlfield>
  <controlfield tag="008">990414s1998    ck           g000 s spa c</controlfield>
  <datafield tag="020" ind1=" " ind2=" ">
    <subfield code="a">9477208</subfield>
  </datafield>
  <datafield tag="040" ind1=" " ind2=" ">
    <subfield code="a">CO-BoUNC</subfield>
    <subfield code="b">spa</subfield>
    <subfield code="c">CO-BoRNBP</subfield>
    <subfield code="e">rda</subfield>
  </datafield>
  <datafield tag="082" ind1=" " ind2=" ">
    <subfield code="a">327.861087</subfield>
    <subfield code="b">M678o</subfield>
  </datafield>
  <datafield tag="110" ind1=" " ind2=" ">
    <subfield code="a">Misi&#xF3;n Siglo XXI</subfield>
    <subfield code="9">43617</subfield>
  </datafield>
  <datafield tag="245" ind1="1" ind2=" ">
    <subfield code="a">La Orinoquia y la integraci&#xF3;n colombo-venezolana /</subfield>
    <subfield code="c">ed. Corpes Orinoquia</subfield>
  </datafield>
  <datafield tag="250" ind1=" " ind2=" ">
    <subfield code="a">Primera edici&#xF3;n</subfield>
  </datafield>
  <datafield tag="300" ind1=" " ind2=" ">
    <subfield code="a">203 p</subfield>
  </datafield>
  <datafield tag="336" ind1=" " ind2=" ">
    <subfield code="2">rdacontenido</subfield>
    <subfield code="a">texto</subfield>
    <subfield code="b">txt</subfield>
  </datafield>
  <datafield tag="337" ind1=" " ind2=" ">
    <subfield code="2">rdamedio</subfield>
    <subfield code="a">sin mediaci&#xF3;n</subfield>
    <subfield code="b">n</subfield>
  </datafield>
  <datafield tag="338" ind1=" " ind2=" ">
    <subfield code="2">rdasoporte</subfield>
    <subfield code="a">volumen</subfield>
    <subfield code="b">nc</subfield>
  </datafield>
  <datafield tag="650" ind1="1" ind2=" ">
    <subfield code="a">Integraci&#xF3;n econ&#xF3;mica</subfield>
    <subfield code="2">ARMARC</subfield>
    <subfield code="9">7226</subfield>
  </datafield>
  <datafield tag="650" ind1="1" ind2=" ">
    <subfield code="a">Relaciones internacionales</subfield>
    <subfield code="2">ARMARC</subfield>
    <subfield code="9">42346</subfield>
  </datafield>
  <datafield tag="650" ind1="1" ind2=" ">
    <subfield code="a">Relaciones comerciales</subfield>
    <subfield code="2">ARMARC</subfield>
    <subfield code="9">10184</subfield>
  </datafield>
  <datafield tag="650" ind1="1" ind2=" ">
    <subfield code="a">Cooperaci&#xF3;n internacional</subfield>
    <subfield code="2">ARMARC</subfield>
    <subfield code="9">14351</subfield>
  </datafield>
  <datafield tag="650" ind1="1" ind2=" ">
    <subfield code="a">Pol&#xED;tica gubernamental</subfield>
    <subfield code="2">ARMARC</subfield>
    <subfield code="9">12241</subfield>
  </datafield>
  <datafield tag="650" ind1="1" ind2=" ">
    <subfield code="a">Estructura econ&#xF3;mica</subfield>
    <subfield code="2">ARMARC</subfield>
    <subfield code="9">43618</subfield>
  </datafield>
  <datafield tag="651" ind1=" " ind2=" ">
    <subfield code="a">Orinoquia</subfield>
    <subfield code="9">43619</subfield>
  </datafield>
  <datafield tag="651" ind1=" " ind2=" ">
    <subfield code="a">Villavicencio</subfield>
    <subfield code="9">43620</subfield>
  </datafield>
  <datafield tag="651" ind1=" " ind2=" ">
    <subfield code="a">Meta</subfield>
    <subfield code="9">43621</subfield>
  </datafield>
  <datafield tag="651" ind1=" " ind2=" ">
    <subfield code="a">Colombia</subfield>
    <subfield code="9">43622</subfield>
  </datafield>
  <datafield tag="942" ind1=" " ind2=" ">
    <subfield code="2">ddc</subfield>
    <subfield code="c">BK</subfield>
  </datafield>
  <datafield tag="967" ind1=" " ind2=" ">
    <subfield code="a">LLH</subfield>
  </datafield>
  <datafield tag="999" ind1=" " ind2=" ">
    <subfield code="c">38526</subfield>
    <subfield code="d">38526</subfield>
  </datafield>
  <datafield tag="952" ind1=" " ind2=" ">
    <subfield code="0">0</subfield>
    <subfield code="1">0</subfield>
    <subfield code="2">ddc</subfield>
    <subfield code="4">0</subfield>
    <subfield code="7">0</subfield>
    <subfield code="8">GEN</subfield>
    <subfield code="a">MEGUAMAL</subfield>
    <subfield code="b">MEGUAMAL</subfield>
    <subfield code="c">LIT</subfield>
    <subfield code="d">2024-11-06</subfield>
    <subfield code="e">Literatura Regional</subfield>
    <subfield code="l">0</subfield>
    <subfield code="o">327.861  M67o</subfield>
    <subfield code="p">GUA004432</subfield>
    <subfield code="r">2024-11-06 11:46:00</subfield>
    <subfield code="t">Ej.1</subfield>
    <subfield code="w">2024-11-06</subfield>
    <subfield code="y">BK</subfield>
  </datafield>
  <datafield tag="952" ind1=" " ind2=" ">
    <subfield code="0">0</subfield>
    <subfield code="1">0</subfield>
    <subfield code="4">0</subfield>
    <subfield code="7">0</subfield>
    <subfield code="8">FPatriOrino</subfield>
    <subfield code="a">MEVIGERR</subfield>
    <subfield code="b">MEVIGERR</subfield>
    <subfield code="c">LOCAL</subfield>
    <subfield code="d">2018-09-07</subfield>
    <subfield code="o">338.09009861 C787</subfield>
    <subfield code="p">ECA26876</subfield>
    <subfield code="r">2024-11-26 09:37:27</subfield>
    <subfield code="t">Ej.2</subfield>
    <subfield code="w">2024-11-26</subfield>
    <subfield code="y">BK</subfield>
    <subfield code="z">10379 | 14082</subfield>
  </datafield>
  <datafield tag="952" ind1=" " ind2=" ">
    <subfield code="0">0</subfield>
    <subfield code="1">0</subfield>
    <subfield code="4">0</subfield>
    <subfield code="7">0</subfield>
    <subfield code="8">FPatriOrino</subfield>
    <subfield code="a">MEVIGERR</subfield>
    <subfield code="b">MEVIGERR</subfield>
    <subfield code="c">LOCAL</subfield>
    <subfield code="d">2006-11-27</subfield>
    <subfield code="o">338.09009861 C787</subfield>
    <subfield code="p">ECA11540</subfield>
    <subfield code="r">2024-11-26 09:37:27</subfield>
    <subfield code="t">Ej.1</subfield>
    <subfield code="w">2024-11-26</subfield>
    <subfield code="y">BK</subfield>
    <subfield code="z">10379 | 14081</subfield>
  </datafield>
</record>
